Normal view
MARC view
Entry Personal Name
001 - CONTROL NUMBER
- control field: 309024
003 - CONTROL NUMBER IDENTIFIER
- control field: DLC
005 - DATE AND TIME OF LATEST TRANSACTION
- control field: 20260210103111.0
008 - FIXED-LENGTH DATA ELEMENTS
- fixed length control field: 150504n| azannaabn |a aaa
010 ## - LIBRARY OF CONGRESS CONTROL NUMBER
- LC control number: n 2015028124
040 ## - CATALOGING SOURCE
- Original cataloging agency: DLC
- Language of cataloging: eng
- Description conventions: rda
- Transcribing agency: DLC
046 ## - SPECIAL CODED DATES
- Birth date: 1949
100 1# - HEADING--PERSONAL NAME
- Personal name: Styczynski, Zbigniew A.
- Fuller form of name: (Zbigniew Antoni),
- Dates associated with a name: 1949-
370 ## - ASSOCIATED PLACE
- Associated country: Germany
373 ## - ASSOCIATED GROUP
- Associated group: Otto-von-Guericke-Universität Magdeburg. Institut für Elektrische Energiesysteme
374 ## - OCCUPATION
- Occupation: Electrical engineers
- Source of term: lcsh
375 ## - GENDER
- Gender: male
377 ## - ASSOCIATED LANGUAGE
- Language code: eng
400 1# - SEE FROM TRACING--PERSONAL NAME
- Personal name: Styczynski, Z. A.
- Fuller form of name: (Zbigniew Antoni),
- Dates associated with a name: 1949-
670 ## - SOURCE DATA FOUND
- Source citation: The power grid of the future, 2013:
- Information found: t.p. (Zbigniew A. Styczynski) p. ii, etc. (Prof. Dr. Zbigniew Antoni Styczynski; Institute of Electrical Energy Systems, Otto von Guericke University Magdeburg; Z.A. Styczynski)
670 ## - SOURCE DATA FOUND
- Source citation: DNB in VIAF, May 4, 2015
- Information found: (access point: Styczynski, Zbigniew A., 1949- )